| Tag |
First Indicator |
Second Indicator |
Subfields |
| LEADER |
00000pam a2200000 a 4500 |
| 001 |
in00000571621 |
| 005 |
20151014063148.0 |
| 008 |
870629s1988 nyua b 00110 eng |
| 010 |
|
|
|a 87019691
|
| 020 |
|
|
|a 0824777921
|
| 035 |
|
|
|a (OCoLC)16465099
|
| 035 |
|
|
|9 ACN3441AM
|
| 040 |
|
|
|a DLC
|c DLC
|d TXA
|d UtOrBLW
|
| 041 |
1 |
|
|a eng
|h cze
|
| 049 |
|
|
|a TXAM
|c [A12563192]
|
| 050 |
0 |
0 |
|a QD117.C517
|b J36 1988
|
| 082 |
0 |
|
|a 543/.0894
|2 19
|
| 100 |
1 |
|
|a Janča, Josef,
|d 1944-
|
| 245 |
1 |
0 |
|a Field-flow fractionation :
|b analysis of macromolecules and particles /
|c Josef Janca.
|
| 264 |
|
1 |
|a New York :
|b M. Dekker,
|c [1988]
|
| 264 |
|
4 |
|c ©1988
|
| 300 |
|
|
|a vi, 336 pages :
|b illustrations ;
|c 24 cm.
|
| 336 |
|
|
|a text
|b txt
|2 rdacontent
|
| 337 |
|
|
|a unmediated
|b n
|2 rdamedia
|
| 338 |
|
|
|a volume
|b nc
|2 rdacarrier
|
| 490 |
1 |
|
|a Chromatographic science ;
|v v. 39
|
| 500 |
|
|
|a Translated from Czech.
|
| 504 |
|
|
|a Includes bibliographies and index.
|
| 650 |
|
0 |
|a Field-flow fractionation.
|
| 830 |
|
0 |
|a Chromatographic science ;
|v v. 39.
|
| 945 |
|
|
|a PromptCat
|
| 946 |
|
|
|a qatar
|
| 947 |
|
|
|a Q14800158127
|
| 999 |
|
|
|a MARS
|
| 999 |
f |
f |
|s 1d1d7904-2ce7-3ded-b1fa-df9ce2f5bd2b
|i 38c12f9e-0a6e-3f8e-9cb6-59f154f179ed
|t 0
|
| 952 |
f |
f |
|p ric
|a Texas A&M University
|b Rellis Campus
|c Joint Library Facility
|d Remote Storage
|t 0
|e QD117.C517 J36 1988
|h Library of Congress classification
|i unmediated -- volume
|m A14812563192
|
| 998 |
f |
f |
|a QD117.C517 J36 1988
|t 0
|l Remote Storage
|